Associez l'auteur au mouvement littéraire - Version courte #1 - Statistiques

Statistiques générales
  • Ce quiz a été pris 158 fois
  • Le résultat moyen est 7 sur 13
Statistiques - réponses
Hint Réponse % Correct
Voltaire Lumières
90%
Victor Hugo Romantisme
66%
Émile Zola Naturalisme
57%
Joachim du Bellay Pléiade
57%
Nathalie Sarraute Nouveau roman
56%
Michel de Montaigne Humanisme
54%
Eugène Ionesco Absurde
53%
Arthur Rimbaud Symbolisme
50%
Jean de La Bruyère Classicisme
47%
Honoré de Balzac Réalisme
47%
Théophile Gautier Parnasse
44%
Paul Éluard Surréalisme
44%
Théodore Agrippa d'Aubigné Baroque
38%
Aucun quiz correspondant
Distribution des résultats
% des personnes avec chaque résultat
Percentile par nombre de réponses
Votre historique - résultats
Vous n’avez pas pris ce quiz